书目信息 |
| 题名: |
复合绝缘子技术及故障案例分析
|
|
| 作者: | 卢明 主编 | |
| 分册: | ||
| 出版信息: | 北京 中国电力出版社 2018.11 |
|
| 页数: | 191页 | |
| 开本: | 23cm | |
| 丛书名: | ||
| 单 册: | ||
| 中图分类: | TM216 | |
| 科图分类: | ||
| 主题词: | 复合绝缘子--fu he jue yuan zi--研究 | |
| 电子资源: | ||
| ISBN: | 978-7-5198-2575-1 | |
| 000 | 00874nam0 2200241 450 | |
| 001 | 202019133193 | |
| 005 | 20190921113344.0 | |
| 010 | @a978-7-5198-2575-1@dCNY56.00 | |
| 100 | @a20190916d2018 em y0chiy50 ea | |
| 101 | 0 | @achi |
| 102 | @aCN@b110000 | |
| 105 | @aak z 000yy | |
| 106 | @ar | |
| 200 | 1 | @a复合绝缘子技术及故障案例分析@Afu he jue yuan zi ji shu ji gu zhang an li fen xi@f卢明主编 |
| 210 | @a北京@c中国电力出版社@d2018.11 | |
| 215 | @a191页@c图@d23cm | |
| 314 | @a卢明, 教授级高级工程师。 | |
| 330 | @a本书共六章, 主要内容包含: 复合绝缘子简介及发展历程、复合绝缘子防污闪特性及优势、防覆冰绝缘子技术、复合绝缘子的特殊应用、复合绝缘子性能检测及评价, 复合绝缘子故障案例分析。 | |
| 606 | 0 | @a复合绝缘子@Afu he jue yuan zi@x研究 |
| 690 | @aTM216@v5 | |
| 701 | 0 | @a卢明@Alu ming@4主编 |
| 801 | 0 | @aCN@c20190905 |
| 905 | @a河南城建学院图书馆@dTM216@eL786 | |
| 复合绝缘子技术及故障案例分析/卢明主编.-北京:中国电力出版社,2018.11 |
| 191页:图;23cm |
| ISBN 978-7-5198-2575-1:CNY56.00 |
| 本书共六章, 主要内容包含: 复合绝缘子简介及发展历程、复合绝缘子防污闪特性及优势、防覆冰绝缘子技术、复合绝缘子的特殊应用、复合绝缘子性能检测及评价, 复合绝缘子故障案例分析。 |
| ● |
| 相关链接 |
|
|
|
正题名:复合绝缘子技术及故障案例分析
索取号:TM216/L786
 
预约/预借
| 序号 | 登录号 | 条形码 | 馆藏地/架位号 | 状态 | 备注 |
| 1 | 1440164 | 214401645 | 自科库301/301自科库 10排1列1层/ [索取号:TM216/L786] | 在馆 | |
| 2 | 1440165 | 214401654 | 自科库301/301自科库 10排1列1层/ [索取号:TM216/L786] | 在馆 |